|
|
|
|
| LEADER |
00000nam a2200000 a 4500 |
| 001 |
vtls001382943 |
| 003 |
SK-MaSNL |
| 005 |
20260301161420.0 |
| 008 |
240314s1999 xo ap r y slo |
| 015 |
|
|
|a SNBA2000/04-01225
|
| 020 |
|
|
|a 8088879507
|
| 035 |
|
|
|a SNK000337011
|
| 035 |
|
|
|a urn:nbn:sk:snk-amkkov
|
| 035 |
|
|
|a urn:nbn:sk:snk-am003v7d
|
| 035 |
|
|
|a 60D7BE97-E02F-4360-A646-5B2AE96C263E
|
| 040 |
|
|
|a SNK
|b slo
|c SNK
|e AACR2
|
| 041 |
0 |
|
|a slo
|
| 044 |
|
|
|a xo
|c SK
|
| 080 |
|
|
|a 639.34(035)
|2 1981
|
| 100 |
1 |
|
|a Mayland, Hans J.
|4 aut
|9 524398
|
| 240 |
1 |
0 |
|a Das süsswasser Aquarium
|l Slovensky
|
| 245 |
1 |
0 |
|a Sladkovodné akvárium
|b vybavenie, starostlivosť, ryby, rastliny
|c Hans J. Mayland ; [z nemeckého originálu preložila Helena Galanová]
|
| 260 |
|
|
|a Bratislava
|b Art Area
|c 1999
|
| 300 |
|
|
|a 144 s.
|b fareb. fotogr., ilustr., tab.
|c 25 cm
|
| 500 |
|
|
|a Fotogr. na tit. strane a front.
|
| 500 |
|
|
|a Údaj o prekl. prevzatý z rubu tit. strany
|
| 504 |
|
|
|a Reg.
|
| 650 |
0 |
7 |
|a akváriové ryby
|2 SNKPH
|9 30232
|
| 650 |
0 |
7 |
|a akvaristika
|2 SNKPH
|9 27735
|
| 650 |
0 |
7 |
|a chov rýb
|2 SNKPH
|9 2768
|
| 655 |
|
7 |
|a príručky
|2 SNKPH
|9 74364
|
| 700 |
1 |
|
|a Galanová, Helena,
|d 1949-
|4 trl
|9 191983
|
| 919 |
|
|
|a 80-88879-50-7
|
| 958 |
|
|
|a TL
|
| 958 |
|
|
|a OP
|
| 958 |
|
|
|a NS
|
| 958 |
|
|
|a DE
|
| 968 |
|
|
|b DT
|
| 999 |
|
|
|c 809365
|d 811295
|
| 952 |
|
|
|t P60, <09>, [BOOK], {629}
|a SNK
|b SNK
|y NEVYP
|7 0
|o snkC 100
|i snk205/20000221
|0 0
|1 0
|4 0
|d 2000-02-17
|l 0
|r 2005-01-02 00:00:00
|w 2026-02-24
|
| 952 |
|
|
|t P60, <03>, [BOOK], {603}
|a SNK
|b SNK
|y PREZ
|7 0
|p 17A0228652
|o snkSC 100794
|i snkKSP 2096/2000
|0 0
|1 0
|4 0
|d 2000-02-17
|f 1
|l 0
|r 2025-09-19 00:00:00
|w 2026-02-24
|
| 952 |
|
|
|t P60, <04>, [BOOK], {604}
|a SNK
|b SNK
|y VYP
|7 0
|p 17A0228653
|o snkSC 100794 D1
|i snkKSP 2097/2000
|0 0
|1 0
|4 0
|d 2000-02-17
|l 0
|r 2005-01-02 00:00:00
|w 2026-02-24
|